000 01914nac a22003850a 4500
001 PT43735
003 AR-LpoUNG
005 20210201005436.0
008 201001s2009||||ag |||||||||||||||||spa d
040 _aAR-LpoUNG
_bspa
_eaacr
041 _aspa
044 _aag
082 0 _a791.43 36v3
245 1 0 _aHasta después de muerta
250 _a1ª ed.
260 _aBuenos Aires :
_bINCAA,
_c2009.
300 _bDVD (111 min.) : muda, byn. + impreso
_a(3
_fVolúmenes)
490 0 _aMosaico criollo (Primera antología del cine mudo argentino)
505 0 _aAcompañado por un impreso
520 _aA más de cien años de la invención del cinematógrafo, la preservación del patrimonio audiovisual es todavía una asignatura pendiente. Aunque se han hecho progresos en el sentido de la creación de conciencia respecto del cine como parte de la herencia cultural nacional y de la necesidad de su conservación, el desarrollo de un marco legal, la capacitación profesional y la implementación de prácticas archivísticas modernas son aún tareas por hacerse. MOSAICO CRIOLLO es un aporte significativo en ese sentido, fruto de una iniciativa sin precedentes, tanto por el rango, calidad y cantidad de material propuesto, como también porque se trata de una experiencia inédita de colaboración entre archivos públicos y privados, instituciones estatales y empresas vinculadas a la preservación de nuestro patrimonio audiovisual.
650 4 _aARGENTINA
650 4 _aINDUSTRIA CINEMATOGRAFICA
650 4 _aPELICULAS
651 4 _aArgentina
653 _aCIENCIA FICCION
653 _aCINE
653 _aCINE ARGENTINO
653 _aCINE MUDO
653 _aDOCUMENTALES
653 _aVIDEOS
710 2 _aInstituto Nacional de Cine y Artes Audiovisuales (Buenos Aires)
710 2 _aMuseo del Cine Pablo Ducrós Hicken (Buenos Aires)
905 _a43735
942 _cDVD
999 _c49582
_d49582